[Event "Oberliga Ost-A 2122"]
[Site "Germany"]
[Date "2022.07.10"]
[Round "7.6"]
[White "Hoffmann, Simon"]
[Black "Richter, Dustin"]
[Result "0-1"]
[WhiteElo "1877"]
[BlackElo "2145"]
[PlyCount "130"]
[EventDate "2021.10.10"]
[EventType "team-tourn"]
[EventRounds "11"]
[EventCountry "GER"]
[SourceTitle "EXT 2023"]
[Source "ChessBase"]
[SourceDate "2022.10.05"]
[SourceVersion "1"]
[SourceVersionDate "2022.10.05"]
[SourceQuality "1"]
[WhiteTeam "Magdeburg Rochade"]
[BlackTeam "Sangerhausen"]
[WhiteTeamCountry "GER"]
[BlackTeamCountry "GER"]

1. e4 g6 2. Nc3 Bg7 3. g3 c5 4. Bg2 Nc6 5. d3 d6 6. Be3 e6 7. Qd2 Nd4 8. Nd1 Rb8 9. c3 Nc6 10. Ne2 b5 11. 0-0 Nge7 12. Bh6 0-0 13. Bxg7 Kxg7 14. Ne3 Qc7 15. Ng4 Ng8 16. f4 f5 17. exf5 exf5 18. Ne3 Nf6 19. Nd5 Nxd5 20. Bxd5 Ne7 21. Bg2 Bb7 22. Rae1 Rbe8 23. Bxb7 Qxb7 24. Kf2 Nd5 25. Ng1 Nf6 26. Nf3 Qd5 27. Rxe8 Rxe8 28. Re1 Rxe1 29. Qxe1 Kf8 30. Ng5 Qxd3 31. Ne6+ Kg8 32. Nxc5 Qc4 33. Qe6+ Qxe6 34. Nxe6 Nd5 35. Nd4 a6 36. Nc6 Kf7 37. Ke2 h6 38. Kd3 g5 39. fxg5 hxg5 40. Kd4 Nc7 41. Ke3 Kf6 42. Nd4 Nd5+ 43. Kf3 Nb6 44. b3 Nd5 45. Ne2 g4+ 46. Kf2 Ke5 47. a4 bxa4 48. bxa4 Nb6 49. a5 Nc4 50. Nc1 Ke4 51. Nb3 Kd3 52. Nd4 Kxc3 53. Nxf5 d5 54. Nh6 Ne5 55. Ke3 d4+ 56. Kf4 d3 57. Kxe5 d2 58. Nxg4 d1Q 59. Kf4 Qd4+ 60. Kf3 Qd5+ 61. Kf4 Qxa5 62. h4 Qc7+ 63. Kf3 a5 64. Ne3 Qf7+ 65. Kg4 a4 0-1

[Event "Oberliga Ost-A 2122"]
[Site "Germany"]
[Date "2022.05.08"]
[Round "8.7"]
[White "Poessel, Christian"]
[Black "Richter, Dustin"]
[Result "0-1"]
[WhiteElo "1991"]
[BlackElo "2145"]
[PlyCount "104"]
[EventDate "2021.10.10"]
[EventType "team-tourn"]
[EventRounds "11"]
[EventCountry "GER"]
[SourceTitle "EXT 2023"]
[Source "ChessBase"]
[SourceDate "2022.10.05"]
[SourceVersion "1"]
[SourceVersionDate "2022.10.05"]
[SourceQuality "1"]
[WhiteTeam "Nickelhuette Aue"]
[BlackTeam "Sangerhausen"]
[WhiteTeamCountry "GER"]
[BlackTeamCountry "GER"]

1. d4 Nf6 2. Nf3 g6 3. c4 Bg7 4. Nc3 c5 5. g3 0-0 6. Bg2 cxd4 7. Nxd4 Nc6 8. Nc2 d6 9. 0-0 Bd7 10. e4 Rc8 11. Rb1 a6 12. b3 Na5 13. a4 Ng4 14. Nd5 b5 15. cxb5 axb5 16. b4 Nc4 17. a5 Nf6 18. Bg5 Nxd5 19. exd5 h6 20. Be3 Bf5 21. Nd4 Bxb1 22. Qxb1 Nxe3 23. fxe3 Bxd4 24. exd4 Qc7 25. Qe4 Kg7 26. Rf2 f5 27. Qe2 Rb8 28. Bf1 Rf7 29. Qb2 Qb7 30. Qb3 Qa7 31. Qc3 Rff8 32. Qe3 Qc7 33. Bd3 Qd7 34. Re2 Rf7 35. Qf3 Qa7 36. Qe3 Qb7 37. g4 Qxd5 38. gxf5 gxf5 39. Rg2+ Kh7 40. Bc2 e6 41. Bb3 Qe4 42. Qxe4 fxe4 43. Bxe6 Rf4 44. Bd5 e3 45. a6 Rxd4 46. Bf3 Rxb4 47. Ra2 Rg8+ 48. Kf1 Rf4 49. Ke2 Rg2+ 50. Bxg2 Rf2+ 51. Kxe3 Rxa2 52. Bb7 Ra4 0-1

[Event "Oberliga Ost-A 2122"]
[Site "Germany"]
[Date "2022.04.02"]
[Round "10.5"]
[White "Haufe, Laurin"]
[Black "Richter, Dustin"]
[Result "1/2-1/2"]
[WhiteElo "2074"]
[BlackElo "2145"]
[PlyCount "93"]
[EventDate "2021.10.10"]
[EventType "team-tourn"]
[EventRounds "11"]
[EventCountry "GER"]
[SourceTitle "EXT 2023"]
[Source "ChessBase"]
[SourceDate "2022.10.05"]
[SourceVersion "1"]
[SourceVersionDate "2022.10.05"]
[SourceQuality "1"]
[WhiteTeam "Leipzig SG II"]
[BlackTeam "Sangerhausen"]
[WhiteTeamCountry "GER"]
[BlackTeamCountry "GER"]

1. e4 c5 2. Nf3 e6 3. d4 cxd4 4. Nxd4 Nc6 5. Be3 Nf6 6. Nc3 Qc7 7. Qf3 Bb4 8. Ndb5 Qa5 9. 0-0-0 0-0 10. a3 Be7 11. Bf4 e5 12. Bd2 Qd8 13. Nd5 Nxd5 14. exd5 Nd4 15. Nxd4 exd4 16. Bc4 d6 17. Bf4 Qb6 18. Rhe1 Bf6 19. Qg3 Bf5 20. Bg5 Bxg5+ 21. Qxg5 Rac8 22. b3 Bg6 23. Qd2 d3 24. c3 Qc5 25. Kb2 b5 26. Bxd3 Bxd3 27. Qxd3 Qxf2+ 28. Re2 Qf6 29. Qd4 Qh6 30. h3 a5 31. Qb6 a4 32. Qxb5 axb3 33. Rd4 Rb8 34. Qd3 Qf6 35. Rb4 Ra8 36. Rxb3 h6 37. Rb4 Rfc8 38. Qd4 Qf1 39. Qf2 Qd1 40. Qf3 Qg1 41. Rf2 Ra7 42. Rb3 Rac7 43. Rc2 Re7 44. Qf2 Qd1 45. Rd2 Qh5 46. Qf4 Re2 47. Rb6 1/2-1/2

[Event "Oberliga Ost-B 1819"]
[Site "Germany"]
[Date "2019.03.23"]
[Round "8.6"]
[White "Neidhardt, Helge"]
[Black "Richter, Dustin"]
[Result "1-0"]
[WhiteElo "2087"]
[BlackElo "2168"]
[PlyCount "111"]
[EventDate "2018.10.21"]
[EventType "team-tourn"]
[EventRounds "11"]
[EventCountry "GER"]
[SourceTitle "EXT 2020"]
[Source "ChessBase"]
[SourceDate "2019.10.17"]
[SourceVersion "1"]
[SourceVersionDate "2019.10.17"]
[SourceQuality "1"]
[WhiteTeam "Marburg"]
[BlackTeam "Sangerhausen"]
[WhiteTeamCountry "GER"]
[BlackTeamCountry "GER"]

1. d4 Nf6 2. Nf3 g6 3. c4 Bg7 4. Nc3 d6 5. e4 0-0 6. Be2 e5 7. Be3 Na6 8. 0-0 exd4 9. Nxd4 Re8 10. f3 c6 11. Nc2 Nc7 12. Qd2 d5 13. Rad1 Be6 14. cxd5 cxd5 15. e5 Nd7 16. f4 f6 17. exf6 Nxf6 18. Bf3 Ne4 19. Nxe4 dxe4 20. Qxd8 Raxd8 21. Rxd8 Rxd8 22. Bxe4 b6 23. b3 Nb5 24. Nb4 Bd4 25. Kf2 Nc3 26. Bf3 Bc5 27. Bxc5 bxc5 28. Nc6 Rd2+ 29. Ke3 Rxa2 30. Rc1 Nb5 31. Rxc5 a6 32. b4 Ra1 33. h3 Kf8 34. Be2 Ra3+ 35. Kf2 Nd6 36. Ra5 Rxa5 37. Nxa5 Nb5 38. Bxb5 axb5 39. Nb7 Ke7 40. g4 h5 41. Nc5 Bc8 42. gxh5 gxh5 43. h4 Kd6 44. Ne4+ Kd5 45. Nf6+ Kc4 46. Nxh5 Be6 47. Ng7 Bg8 48. Ne8 Kxb4 49. f5 Kc3 50. Nf6 Ba2 51. Ke3 b4 52. Ne4+ Kc2 53. h5 Bg8 54. f6 b3 55. h6 b2 56. Nd2 1-0

[Event "Oberliga Ost-B 1819"]
[Site "Germany"]
[Date "2018.12.15"]
[Round "4.6"]
[White "Wiemers, Holger"]
[Black "Richter, Dustin"]
[Result "1-0"]
[WhiteElo "1997"]
[BlackElo "2168"]
[PlyCount "31"]
[EventDate "2018.10.21"]
[EventType "team-tourn"]
[EventRounds "11"]
[EventCountry "GER"]
[SourceTitle "EXT 2020"]
[Source "ChessBase"]
[SourceDate "2019.10.17"]
[SourceVersion "1"]
[SourceVersionDate "2019.10.17"]
[SourceQuality "1"]
[WhiteTeam "Erfurt Empor"]
[BlackTeam "Sangerhausen"]
[WhiteTeamCountry "GER"]
[BlackTeamCountry "GER"]

1. d4 Nf6 2. Bg5 Ne4 3. Bf4 c5 4. f3 Qa5+ 5. c3 Nf6 6. Nd2 cxd4 7. Nb3 Qf5 8. Bxb8 Rxb8 9. Qxd4 b6 10. e4 Qg5 11. e5 Ng8 12. Rd1 Nh6 13. Nh3 Qg6 14. Bb5 Rb7 15. Nf4 Nf5 16. Qc4 1-0

[Event "Oberliga Ost-B 1718"]
[Site "Germany"]
[Date "2018.04.14"]
[Round "10.1"]
[White "Richter, Dustin"]
[Black "Golubka, Petr"]
[Result "1/2-1/2"]
[WhiteElo "2176"]
[BlackElo "2445"]
[PlyCount "28"]
[EventDate "2017.10.22"]
[EventType "team-tourn"]
[EventRounds "11"]
[EventCountry "GER"]
[SourceTitle "EXT 2019"]
[Source "ChessBase"]
[SourceDate "2018.10.10"]
[SourceVersion "1"]
[SourceVersionDate "2018.10.10"]
[SourceQuality "1"]
[WhiteTeam "Sangerhausen"]
[BlackTeam "Oberursel"]
[WhiteTeamCountry "GER"]
[BlackTeamCountry "GER"]

1. Nf3 Nf6 2. g3 b5 3. Bg2 Bb7 4. 0-0 e6 5. d3 d5 6. c4 a6 7. b3 Nbd7 8. cxb5 Nc5 9. Qc2 axb5 10. Bf4 b4 11. Nbd2 Bd6 12. Bxd6 cxd6 13. a3 bxa3 14. b4 Ncd7 1/2-1/2

[Event "Oberliga Ost-B 1718"]
[Site "Germany"]
[Date "2018.01.21"]
[Round "5.3"]
[White "Gottschalk, Jens"]
[Black "Richter, Dustin"]
[Result "1-0"]
[WhiteElo "2268"]
[BlackElo "2176"]
[PlyCount "93"]
[EventDate "2017.10.22"]
[EventType "team-tourn"]
[EventRounds "11"]
[EventCountry "GER"]
[SourceTitle "EXT 2019"]
[Source "ChessBase"]
[SourceDate "2018.10.10"]
[SourceVersion "1"]
[SourceVersionDate "2018.10.10"]
[SourceQuality "1"]
[WhiteTeam "Wiesbaden"]
[BlackTeam "Sangerhausen"]
[WhiteTeamCountry "GER"]
[BlackTeamCountry "GER"]

1. d4 Nf6 2. c4 g6 3. g3 Bg7 4. Bg2 0-0 5. Nc3 d6 6. Nf3 Nc6 7. 0-0 a6 8. Qd3 Rb8 9. d5 Nb4 10. Qd1 a5 11. h3 Bd7 12. a3 Na6 13. e4 e5 14. Be3 a4 15. Ne1 Qe8 16. Nd3 b6 17. Rb1 Nc5 18. Nxc5 bxc5 19. b4 axb3 20. Rxb3 Ra8 21. Qe2 Qc8 22. Kh2 Ba4 23. Rb2 Nd7 24. Rfb1 Qa6 25. Bf1 Nb6 26. Bc1 Bd7 27. Ra1 f5 28. a4 f4 29. a5 fxg3+ 30. fxg3 Rf7 31. Be3 Rxf1 32. Qxf1 Nxc4 33. Re2 Nxe3 34. Rxe3 Qxf1 35. Rxf1 Rxa5 36. Rb1 Ra7 37. Rf3 Ra8 38. Rb7 Rc8 39. Nd1 Bh6 40. Nb2 Bc1 41. Nc4 Ra8 42. Rf2 Rd8 43. Rc2 Bg5 44. Ra2 c6 45. Nxd6 cxd5 46. exd5 Bf5 47. Nf7 1-0

[Event "Oberliga Ost-B 1718"]
[Site "Germany"]
[Date "2017.10.22"]
[Round "1.3"]
[White "Frolov, Artur"]
[Black "Richter, Dustin"]
[Result "1/2-1/2"]
[WhiteElo "2403"]
[BlackElo "2176"]
[PlyCount "105"]
[EventDate "2017.10.22"]
[EventType "team-tourn"]
[EventRounds "11"]
[EventCountry "GER"]
[SourceTitle "EXT 2019"]
[Source "ChessBase"]
[SourceDate "2018.10.10"]
[SourceVersion "1"]
[SourceVersionDate "2018.10.10"]
[SourceQuality "1"]
[WhiteTeam "Kassel"]
[BlackTeam "Sangerhausen"]
[WhiteTeamCountry "GER"]
[BlackTeamCountry "GER"]

1. e4 c5 2. Nf3 e6 3. d4 cxd4 4. Nxd4 Nc6 5. Nc3 Qc7 6. Be3 Nf6 7. f3 a6 8. Qd2 b5 9. Nxc6 dxc6 10. 0-0-0 Be7 11. g4 e5 12. g5 Nh5 13. Qf2 Rb8 14. h4 0-0 15. Bh3 Bxh3 16. Rxh3 a5 17. Qg1 Rfd8 18. Rxd8+ Qxd8 19. Rh2 g6 20. Rd2 Qe8 21. Nd1 a4 22. Nf2 a3 23. b3 Bb4 24. Rd1 Bc3 25. Ng4 c5 26. Bxc5 Rc8 27. Rd6 b4 28. Qd1 Kg7 29. Nf6 Qb5 30. Nxh5+ gxh5 31. Be3 Qb8 32. Rd5 Rc6 33. Bc5 Rxc5 34. Rxc5 Bd4 35. Rd5 Qc8 36. Rxd4 exd4 37. Qxd4+ Kg8 38. Qxb4 Qh3 39. Qe1 Qxf3 40. b4 Qf4+ 41. Kd1 Qe5 42. c3 Qh2 43. Qe2 Qxh4 44. b5 Qxg5 45. Kc2 Qg1 46. Qxh5 Qf2+ 47. Kb3 Qb2+ 48. Ka4 Qxa2 49. Qg5+ Kf8 50. Qd8+ Kg7 51. Qg5+ Kf8 52. Qd8+ Kg7 53. Qg5+ 1/2-1/2

[Event "Oberliga Ost-B 1617"]
[Site "Germany"]
[Date "2017.02.18"]
[Round "6.4"]
[White "Michalowski, Peter"]
[Black "Richter, Dustin"]
[Result "1/2-1/2"]
[WhiteElo "2058"]
[BlackElo "2130"]
[PlyCount "131"]
[EventDate "2016.10.16"]
[EventType "team-tourn"]
[EventRounds "11"]
[EventCountry "GER"]
[SourceTitle "EXT 2018"]
[Source "ChessBase"]
[SourceDate "2017.10.13"]
[SourceVersion "1"]
[SourceVersionDate "2017.10.13"]
[SourceQuality "1"]
[WhiteTeam "Erfurt Empor"]
[BlackTeam "Sangerhausen"]
[WhiteTeamCountry "GER"]
[BlackTeamCountry "GER"]

1. e4 c5 2. Nf3 e6 3. g3 Nc6 4. Bg2 a6 5. 0-0 g6 6. d4 cxd4 7. Nxd4 Qc7 8. Nc3 Bg7 9. Nb3 Nge7 10. f4 d6 11. Be3 0-0 12. Qd2 b5 13. a3 Rd8 14. Rad1 d5 15. Qf2 Rb8 16. e5 Nf5 17. Bc5 Bf8 18. Bxf8 Rxf8 19. g4 Nfe7 20. Qh4 b4 21. Ne2 bxa3 22. bxa3 Qb6+ 23. Kh1 Qe3 24. Ned4 Nxd4 25. Nxd4 Qxa3 26. Rd3 Qc5 27. Rh3 h5 28. gxh5 Re8 29. hxg6 Nxg6 30. Qh7+ Kf8 31. Nf3 Qxc2 32. Qh6+ Ke7 33. Nd4 Qc5 34. Qg5+ Kd7 35. Nb3 Qc4 36. Rc1 Rxb3 37. Rxc4 Rb1+ 38. Bf1 dxc4 39. Kg2 Bb7+ 40. Kf2 Rb2+ 41. Ke1 Bd5 42. Rh7 Re7 43. Qg3 Rb3 44. Qg1 Kc6 45. Qd4 Reb7 46. Bxc4 Rb1+ 47. Kf2 R7b4 48. Bxd5+ exd5 49. Qc3+ Rc4 50. Qa3 Rc2+ 51. Kg3 Rg1+ 52. Kf3 Rf1+ 53. Ke3 d4+ 54. Kxd4 Rxf4+ 55. Ke3 Rcf2 56. Qxa6+ Kd5 57. Qd6+ Kc4 58. Qc6+ Kb4 59. Rh3 Rf1 60. Qb6+ Kc4 61. Qc6+ Kb4 62. Qb6+ Kc4 63. Ke2 Nxe5 64. Qb3+ Kd4 65. Qe3+ Kd5 66. Qb3+ 1/2-1/2

[Event "Sachsen-Anhalt-ch 26th"]
[Site "Magdeburg"]
[Date "2016.05.07"]
[Round "5"]
[White "Koenig, Marco"]
[Black "Richter, Dustin"]
[Result "0-1"]
[WhiteElo "2084"]
[BlackElo "2120"]
[PlyCount "135"]
[EventDate "2016.05.05"]
[EventType "tourn"]
[EventRounds "7"]
[EventCountry "GER"]
[SourceTitle "EXT 2017"]
[Source "ChessBase"]
[SourceDate "2016.10.25"]
[SourceVersion "1"]
[SourceVersionDate "2016.10.25"]
[SourceQuality "1"]

1. e4 c5 2. Nf3 d6 3. d4 cxd4 4. Nxd4 Nf6 5. Nc3 g6 6. Be2 Bg7 7. Be3 0-0 8. 0-0 Nc6 9. Nb3 Be6 10. f4 a6 11. Bf3 Rc8 12. Nd5 Bxd5 13. exd5 Na5 14. Nxa5 Qxa5 15. Qd3 Nd7 16. c3 Qa4 17. Rfe1 Qc4 18. Qxc4 Rxc4 19. Rad1 b5 20. Be2 Rc7 21. Bd4 Rb8 22. Bxg7 Kxg7 23. Rd4 a5 24. Bd3 Kf8 25. Re2 Rbb7 26. Kf2 Rc5 27. Rd2 Nf6 28. Be2 b4 29. cxb4 axb4 30. b3 Ke8 31. Bf3 Kd8 32. Ke3 Kc7 33. Rc4 Rxc4 34. bxc4 Kb6 35. Kd4 Nd7 36. Rb2 Ka5 37. Bd1 Nc5 38. g4 Rb8 39. h4 h6 40. Re2 Rb7 41. f5 g5 42. hxg5 hxg5 43. Re3 Kb6 44. Rh3 Ra7 45. Bb3 Ra3 46. Re3 Nxb3+ 47. axb3 Ra1 48. Kd3 Ra3 49. Kd4 Ra1 50. Kd3 Kc5 51. Rxe7 Rd1+ 52. Ke2 Rb1 53. Re3 Kd4 54. Kf2 Rc1 55. Ke2 Rh1 56. Rg3 Rh2+ 57. Kd1 Ke4 58. Kc1 Kf4 59. Rg1 Kf3 60. Kb1 Re2 61. Kc1 Kf2 62. Rh1 Re4 63. Rh7 Ke3 64. Rxf7 Kd3 65. Rh7 Rxg4 66. f6 Rf4 67. f7 g4 68. Rg7 0-1

[Event "Oberliga Ost-A 1516"]
[Site "Germany"]
[Date "2016.01.16"]
[Round "6.5"]
[White "Richter, Dustin"]
[Black "Kahe, Ralph"]
[Result "0-1"]
[WhiteElo "2099"]
[BlackElo "2158"]
[PlyCount "74"]
[EventDate "2015.09.20"]
[EventType "team-tourn"]
[EventRounds "11"]
[EventCountry "GER"]
[SourceTitle "EXT 2017"]
[Source "ChessBase"]
[SourceDate "2016.10.25"]
[SourceVersion "1"]
[SourceVersionDate "2016.10.25"]
[SourceQuality "1"]
[WhiteTeam "Sangerhausen"]
[BlackTeam "Magdeburg Rochade"]
[WhiteTeamCountry "GER"]
[BlackTeamCountry "GER"]

1. e4 c6 2. d4 d5 3. exd5 cxd5 4. c4 Nf6 5. Nc3 Be6 6. c5 g6 7. Nf3 Bg7 8. Bb5+ Nbd7 9. 0-0 0-0 10. Re1 a6 11. Bf1 h6 12. b4 Nb8 13. Ne5 Nc6 14. Nxc6 bxc6 15. Bd3 Bg4 16. Qc2 Ne8 17. h3 Bd7 18. Ne2 Nc7 19. Bb2 Ne6 20. f4 f5 21. Kh1 Qb8 22. Qd2 Rf7 23. Rf1 Nf8 24. Ng1 Be8 25. Nf3 Nd7 26. Rae1 Qc7 27. Re2 Nf6 28. Ne5 Rf8 29. Re3 Ne4 30. Qe2 a5 31. b5 cxb5 32. Bxb5 Bxb5 33. Qxb5 Rfb8 34. Qe2 Bxe5 35. fxe5 e6 36. Ra3 Qb7 37. Rb3 Qxb3 0-1

[Event "Oberliga Ost-A 1516"]
[Site "Germany"]
[Date "2015.09.20"]
[Round "1.6"]
[White "Richter, Dustin"]
[Black "Kalkhof, Stefan"]
[Result "1-0"]
[WhiteElo "2099"]
[BlackElo "2221"]
[PlyCount "103"]
[EventDate "2015.09.20"]
[EventType "team-tourn"]
[EventRounds "11"]
[EventCountry "GER"]
[SourceTitle "EXT 2017"]
[Source "ChessBase"]
[SourceDate "2016.10.25"]
[SourceVersion "1"]
[SourceVersionDate "2016.10.25"]
[SourceQuality "1"]
[WhiteTeam "Sangerhausen"]
[BlackTeam "Loeberitz"]
[WhiteTeamCountry "GER"]
[BlackTeamCountry "GER"]

1. Nf3 d6 2. e4 Nf6 3. Nc3 e5 4. d4 Nbd7 5. Bc4 Be7 6. 0-0 0-0 7. Re1 c6 8. a4 a5 9. h3 h6 10. b3 Re8 11. Bb2 Qb6 12. Qd2 Bf8 13. Rad1 Rb8 14. Bf1 exd4 15. Nxd4 Nc5 16. Qf4 Ne6 17. Nxe6 Bxe6 18. Ne2 Nd7 19. Nd4 Ne5 20. Qg3 Bd7 21. Kh1 Rbd8 22. f4 Ng6 23. Bc4 Ne7 24. f5 d5 25. f6 Ng6 26. exd5 Rxe1+ 27. Rxe1 cxd5 28. Bxd5 Bxa4 29. Bxf7+ Kxf7 30. fxg7 Bxg7 31. Re6 Qxe6 32. Nxe6 Rd1+ 33. Kh2 Bxb2 34. Qf3+ Kxe6 35. Qxd1 Be5+ 36. g3 Bc6 37. Qh5 Be4 38. Qxh6 Bxc2 39. h4 Kf7 40. Qh7+ Kf6 41. h5 b5 42. hxg6 Bxg6 43. Qd7 a4 44. Qc6+ Kf5 45. b4 Bf7 46. Qxb5 Bb3 47. Qa5 Ke4 48. b5 Bd6 49. Qc3 Be5 50. Qb4+ Kd5 51. b6 Kc6 52. Qe4+ 1-0

[Event "Oberliga Ost-B 1415"]
[Site "Germany"]
[Date "2015.04.11"]
[Round "10.5"]
[White "Sehrt, Juergen"]
[Black "Richter, Dustin"]
[Result "1/2-1/2"]
[WhiteElo "2279"]
[BlackElo "2094"]
[PlyCount "83"]
[EventDate "2014.09.21"]
[EventType "team-tourn"]
[EventRounds "11"]
[EventCountry "GER"]
[SourceTitle "EXT 2016"]
[Source "ChessBase"]
[SourceDate "2015.10.08"]
[SourceVersion "1"]
[SourceVersionDate "2015.10.08"]
[SourceQuality "1"]
[WhiteTeam "Giessen"]
[BlackTeam "Sangerhausen"]
[WhiteTeamCountry "GER"]
[BlackTeamCountry "GER"]

1. c4 Nf6 2. Nc3 g6 3. g3 Bg7 4. Bg2 0-0 5. Nf3 d6 6. 0-0 Nc6 7. d4 a6 8. h3 Rb8 9. Be3 Bd7 10. Rc1 b5 11. cxb5 axb5 12. Ng5 Na5 13. b3 c6 14. Nge4 Ne8 15. Nd2 b4 16. Ncb1 Nc7 17. Nf3 Nd5 18. Qd2 Nxe3 19. Qxe3 Re8 20. Rfd1 Qb6 21. Nbd2 Rbd8 22. Nf1 Qa6 23. Qd2 Qb5 24. N1h2 c5 25. e3 Nc6 26. h4 cxd4 27. exd4 Rc8 28. Bf1 Qh5 29. Be2 Bh6 30. Ng5 Bxg5 31. hxg5 Qh3 32. Ba6 Rb8 33. Bf1 Qf5 34. f4 Qa5 35. d5 Na7 36. a4 Rbc8 37. Qd4 Rxc1 38. Rxc1 Rc8 39. Re1 Re8 40. Rc1 Rc8 41. Re1 Re8 42. Rc1 1/2-1/2

[Event "Oberliga Ost-B 1415"]
[Site "Germany"]
[Date "2015.02.21"]
[Round "9.6"]
[White "Hahn, Markus"]
[Black "Richter, Dustin"]
[Result "0-1"]
[WhiteElo "2221"]
[BlackElo "2094"]
[PlyCount "108"]
[EventDate "2014.09.21"]
[EventType "team-tourn"]
[EventRounds "11"]
[EventCountry "GER"]
[SourceTitle "EXT 2016"]
[Source "ChessBase"]
[SourceDate "2015.10.08"]
[SourceVersion "1"]
[SourceVersionDate "2015.10.08"]
[SourceQuality "1"]
[WhiteTeam "Kassel"]
[BlackTeam "Sangerhausen"]
[WhiteTeamCountry "GER"]
[BlackTeamCountry "GER"]

1. d4 Nf6 2. Nf3 e6 3. c4 c5 4. d5 exd5 5. cxd5 d6 6. Nc3 g6 7. h3 Bg7 8. e4 0-0 9. Bd3 Nh5 10. 0-0 Nd7 11. Bg5 Bf6 12. Be3 Re8 13. Nd2 Bd4 14. Bxd4 cxd4 15. Ne2 Ne5 16. Bb5 Bxh3 17. gxh3 Qh4 18. Kh2 d3 19. Ng1 Rec8 20. Ba4 Rc7 21. Qe1 Nf4 22. f3 Qf6 23. h4 Rac8 24. Bb3 Kh8 25. Qg3 h6 26. Nh3 Ne2 27. Qf2 g5 28. hxg5 hxg5 29. Kg2 Kg7 30. Bd1 Rc2 31. Bxc2 Rxc2 32. Qe3 Nf4+ 33. Nxf4 gxf4 34. Qf2 Qg5+ 35. Kh1 Qh5+ 36. Kg1 Qg6+ 37. Kh1 Qh7+ 38. Kg1 Qg6+ 39. Qg2 Rxd2 40. Qxg6+ Kxg6 41. Rf2 Rc2 42. Kg2 d2 43. Rd1 Nc4 44. Kh3 Rxb2 45. e5 dxe5 46. a4 Kf6 47. Re2 Rc2 48. a5 b5 49. a6 b4 50. d6 Ke6 51. Re4 Ne3 52. Rxe5+ Kxd6 53. Rxd2+ Kxe5 54. Rd7 Rc6 0-1

[Event "Oberliga Ost-B 1314"]
[Site "Germany"]
[Date "2013.10.13"]
[Round "1.4"]
[White "Puls, Thomas"]
[Black "Richter, Dustin"]
[Result "1-0"]
[WhiteElo "2168"]
[BlackElo "2110"]
[PlyCount "62"]
[EventDate "2013.10.13"]
[EventType "team-tourn"]
[EventRounds "11"]
[EventCountry "GER"]
[SourceTitle "EXT 2015"]
[Source "ChessBase"]
[SourceDate "2014.11.20"]
[SourceVersion "1"]
[SourceVersionDate "2014.11.20"]
[SourceQuality "1"]
[WhiteTeam "Halle"]
[BlackTeam "Sangerhausen"]
[WhiteTeamCountry "GER"]
[BlackTeamCountry "GER"]

1. f4 d5 2. Nf3 Nf6 3. g3 c5 4. Bg2 Nc6 5. 0-0 g6 6. d3 Bg7 7. Nc3 d4 8. Na4 Nd7 9. Ng5 e6 10. Bxc6 bxc6 11. b3 Qe7 12. Qe1 h6 13. Nf3 Qd8 14. Ba3 Bf8 15. e4 Qc7 16. f5 Be7 17. fxe6 fxe6 18. e5 Ba6 19. Qe4 Rg8 20. Rae1 Bb5 21. Qg4 0-0-0 22. Nxd4 h5 23. Qe4 Bxa4 24. Nxe6 Qb6 25. Qxa4 Rde8 26. Qc4 h4 27. g4 h3 28. Bb2 Bh4 29. Re3 Rh8 30. a4 g5 31. Ng7 Rhf8 1-0

[Event "Oberliga Ost-B 1213"]
[Site "Germany"]
[Date "2013.04.14"]
[Round "11.4"]
[White "Broemel, Richard"]
[Black "Richter, Dustin"]
[Result "1/2-1/2"]
[WhiteElo "2185"]
[BlackElo "2115"]
[PlyCount "36"]
[EventDate "2012.09.30"]
[EventType "team-tourn"]
[EventRounds "11"]
[EventCountry "GER"]
[SourceTitle "EXT 2014"]
[Source "ChessBase"]
[SourceDate "2013.11.20"]
[SourceVersion "1"]
[SourceVersionDate "2013.11.20"]
[SourceQuality "1"]
[WhiteTeam "Jena Schott"]
[BlackTeam "Sangerhausen"]
[WhiteTeamCountry "GER"]
[BlackTeamCountry "GER"]

1. d4 Nf6 2. Nf3 e6 3. Bf4 b6 4. e3 Nh5 5. Bg3 Bb7 6. Nbd2 f5 7. Bd3 Be7 8. Ne5 Nf6 9. Rg1 d6 10. Nef3 Nbd7 11. Bc4 Nf8 12. h3 Qd7 13. Qe2 Ng6 14. 0-0-0 a6 15. Bh2 b5 16. Bd3 Ne4 17. g4 Rf8 18. gxf5 exf5 1/2-1/2

[Event "Oberliga Ost-B 1213"]
[Site "Germany"]
[Date "2013.02.24"]
[Round "8.4"]
[White "Rolle, Eric"]
[Black "Richter, Dustin"]
[Result "1-0"]
[WhiteElo "2240"]
[BlackElo "2115"]
[PlyCount "39"]
[EventDate "2012.09.30"]
[EventType "team-tourn"]
[EventRounds "11"]
[EventCountry "GER"]
[SourceTitle "EXT 2014"]
[Source "ChessBase"]
[SourceDate "2013.11.20"]
[SourceVersion "1"]
[SourceVersionDate "2013.11.20"]
[SourceQuality "1"]
[WhiteTeam "Marburg"]
[BlackTeam "Sangerhausen"]
[WhiteTeamCountry "GER"]
[BlackTeamCountry "GER"]

1. d4 Nf6 2. Nf3 e6 3. c4 c5 4. g3 cxd4 5. Nxd4 Bb4+ 6. Nc3 Ne4 7. Qd3 f5 8. Bg2 Qa5 9. 0-0 Nxc3 10. bxc3 Be7 11. e4 0-0 12. exf5 exf5 13. Bd5+ Kh8 14. Nxf5 Nc6 15. Nxe7 Nxe7 16. Be4 d5 17. cxd5 Bh3 18. Rd1 Nxd5 19. Bxd5 Rae8 20. Be3 1-0

[Event "Oberliga Ost-B 1213"]
[Site "Germany"]
[Date "2013.02.03"]
[Round "7.5"]
[White "Schaefer, Michael"]
[Black "Richter, Dustin"]
[Result "1-0"]
[WhiteElo "2188"]
[BlackElo "2115"]
[PlyCount "85"]
[EventDate "2012.09.30"]
[EventType "team-tourn"]
[EventRounds "11"]
[EventCountry "GER"]
[SourceTitle "EXT 2014"]
[Source "ChessBase"]
[SourceDate "2013.11.20"]
[SourceVersion "1"]
[SourceVersionDate "2013.11.20"]
[SourceQuality "1"]
[WhiteTeam "Moerlenbach"]
[BlackTeam "Sangerhausen"]
[WhiteTeamCountry "GER"]
[BlackTeamCountry "GER"]

1. Nf3 Nf6 2. c4 c5 3. Nc3 e6 4. e3 b6 5. d4 cxd4 6. exd4 d6 7. Be2 Nbd7 8. 0-0 Bb7 9. Re1 Be7 10. Bf1 a6 11. b3 Rc8 12. Bb2 Qc7 13. a4 a5 14. Ba3 Qb8 15. Nb5 Kf8 16. h3 h6 17. Re3 g5 18. Qc2 Re8 19. Rae1 d5 20. Bxe7+ Rxe7 21. Ne5 Kg7 22. Qb2 Rc8 23. Qa3 Ng8 24. Nd6 Nxe5 25. Nxc8 Nxc4 26. bxc4 Qxc8 27. c5 bxc5 28. dxc5 d4 29. Re5 f6 30. R5e2 e5 31. Rd2 Qc6 32. f3 Rc7 33. Rc2 Ne7 34. Qb3 Nf5 35. Bb5 Qd5 36. Qxd5 Bxd5 37. c6 Kf8 38. Rc5 Ne7 39. Kf2 Ke8 40. Bd3 Kd8 41. Rxa5 Bxc6 42. Rc1 Nd5 43. Rxc6 1-0